| 000 | 00365 a2200169 4500 | ||
|---|---|---|---|
| 001 | 49909 | ||
| 020 | _a8535615571 | ||
| 040 | _cAnchieta - Bela Vista | ||
| 100 | _aJosé, Elias | ||
| 240 | 1 | 0 |
_aO rei do espetáculo _lpor |
| 245 | 1 | 0 | _aO rei do espetáculo |
| 300 | _a24 | ||
| 362 | 0 | _a2005 | |
| 440 | 1 | _aPaulinas | |
| 650 | 4 | _aLiteratura juvenil | |
| 942 | _cBK | ||
| 999 |
_c49909 _d49909 |
||